Statistics for FIFA FOOTBALL STRIKERS BY PICTURE

Click here to take the quiz!

General Stats

  • This quiz has been taken 48 times
  • The average score is 20 of 24

Answer Stats

Answer% Correct
Erling Haaland
100%
Karim Benzema
100%
Cristiano Ronaldo
95%
Harry Kane
95%
Olivier Giroud
95%
Robert Lewandowski
95%
Zlatan Ibrahimovic
95%
Kylian Mbappé
93%
Luis Suarez
93%
Romelu Lukaku
88%
Edinson Cavani
83%
Jamie Vardy
83%
Lautaro Martínez
83%
Mario Balotelli
81%
Sergio Aguero
81%
Robin van Persie
79%
Diego Costa
74%
Pierre-Emerick Aubameyang
74%
Ciro Immobile
71%
Mauro Icardi
71%
Gonzalo Higuain
69%
Alvaro Morata
67%
Radamel Falcao
62%
Edin Dzeko
60%

Score Distribution

Percentile by Number Answered

Percent of People with Each Score

Your Score History

You have not taken this quiz